Canada, Contadora and Central America: Negotiations or Intervention /
En este artículo se analiza el papel del Grupo de Contadora en la consecusión de la paz en Centro América, por lo cual se examinan cuatro aspectos del problema: a-. la importancia histórica de Contadora b-. sus metas c-. evaluación de la relativa debilidad y fortaleza de Contadora y, d-. un pronósti...
Guardat en:
| Autor principal: | |
|---|---|
| Altres autors: | |
| Format: | Text |
| Publicat: |
Toronto :
|
| Matèries: | |
| Etiquetes: |
Afegir etiqueta
Sense etiquetes, Sigues el primer a etiquetar aquest registre!
|
MARC
| LEADER | 00000 a a2200000 04500 | ||
|---|---|---|---|
| 001 | 13638 | ||
| 003 | |||
| 040 | |||
| 090 | |a 024800 | ||
| 100 | |a Draimin, Timothy P. | ||
| 245 | |a Canada, Contadora and Central America: Negotiations or Intervention / |c Timothy P. Draimin | ||
| 260 | |a Toronto : | ||
| 300 | |a 11 p | ||
| 520 | |a En este artículo se analiza el papel del Grupo de Contadora en la consecusión de la paz en Centro América, por lo cual se examinan cuatro aspectos del problema: a-. la importancia histórica de Contadora b-. sus metas c-. evaluación de la relativa debilidad y fortaleza de Contadora y, d-. un pronóstico sobre Contadora en la coyuntura actual. Por lo demás, se plantea la posición del gobierno canadiense en el proceso de Centroamérica y el Caribe. ABB/mb | ||
| 650 | |a GRUPO DE CONTADORA | ||
| 650 | |a DIPLOMACIA | ||
| 650 | |a POLITICA EXTERIOR | ||
| 650 | |a MANTENIMIENTO DE LA PAZ | ||
| 650 | |a NEGOCIACIONES INTERNACIONALES | ||
| 650 | |a INTERVENCION EXTRANJERA | ||
| 700 | |a Foster, John W. | ||
| 999 | |c 12693 |d 12693 | ||
